| Tag |
First Indicator |
Second Indicator |
Subfields |
| LEADER |
00000cam a2200000 i 4500 |
| 001 |
in00005747521 |
| 005 |
20260326185229.7 |
| 006 |
m o d |
| 007 |
cr cnu---unuuu |
| 008 |
090924t20092010mauab fob 001 0 eng d |
| 040 |
|
|
|a CDX
|b eng
|e rda
|e pn
|c CDX
|d OCLCQ
|d OPELS
|d OCLCQ
|d OCLCF
|d UIU
|d OCLCQ
|d OL$
|d SFB
|d OCLCO
|d OCLCQ
|d OCLCO
|d OCLCL
|d YDX
|d LDS
|d OCLCL
|d OCLCQ
|
| 019 |
|
|
|a 1150176461
|a 1162322497
|
| 020 |
|
|
|a 9780080961651
|q (electronic book)
|
| 020 |
|
|
|a 0080961657
|q (electronic book)
|
| 020 |
|
|
|a 9786612954498
|q (electronic book)
|
| 020 |
|
|
|a 6612954493
|q (electronic book)
|
| 020 |
|
|
|a 9781282954496
|q (electronic book)
|
| 020 |
|
|
|a 1282954490
|q (electronic book)
|
| 020 |
|
|
|z 9780123749895
|q (hardback)
|
| 020 |
|
|
|z 0123749891
|q (hardback)
|
| 024 |
8 |
|
|a 9786612954498
|
| 035 |
|
|
|a (OCoLC)699720486
|z (OCoLC)1150176461
|z (OCoLC)1162322497
|
| 037 |
|
|
|a 295449
|b MIL
|
| 050 |
|
4 |
|a HV8073
|b .H77 2010
|
| 072 |
|
7 |
|a CRI
|2 ukslc
|
| 072 |
|
7 |
|a JNZ
|2 bicssc
|
| 072 |
|
7 |
|a JKVF1
|2 bicssc
|
| 072 |
|
7 |
|a MMQ
|2 bicssc
|
| 082 |
0 |
4 |
|a 363.25
|2 23/eng/20240524
|
| 049 |
|
|
|a TXAM
|
| 100 |
1 |
|
|a Houck, Max M.,
|e author
|1 https://id.oclc.org/worldcat/entity/E39PBJr83XqmhYVVYDhV9Qkv73
|
| 245 |
1 |
0 |
|a Fundamentals of forensic science /
|c Max M. Houck, Jay A. Siegel.
|
| 250 |
|
|
|a Second edition.
|
| 264 |
|
1 |
|a Burlington, MA :
|b Academic Press,
|c [2009].
|
| 264 |
|
4 |
|c ©2010.
|
| 300 |
|
|
|a 1 online resource (xvii, 661 pages) :
|b illustrations (chiefly color), maps
|
| 336 |
|
|
|a text
|b txt
|2 rdacontent
|
| 337 |
|
|
|a computer
|b c
|2 rdamedia
|
| 338 |
|
|
|a online resource
|b cr
|2 rdacarrier
|
| 504 |
|
|
|a Includes bibliographical references and index.
|
| 520 |
|
|
|a "Unlike other introductory textbooks on the topic, Fundamentals of Forensic Science, 2e presents a complete look at the forensic sciences, emphasizing the biology, chemistry, and physical sciences that underpin forensic science. Over 40% of newly revised content, covering the principles that are central to forensic science. Discussing topics that are typically excluded from generalized discussions of criminalistics, this book provides a depth and breadth of information that no other textbook contains. Written by two of the leading experts in forensic science today, Fundamentals of Forensic Science, 2e approaches the field from a truly unique and exciting perspective. Ranging from traditional topics such as crime scene investigation, spectroscopy, and DNA analysis, to the less-commonly covered --but just as essential-- topics of pathology, entomology, and anthropology, Fundamentals of Forensic Science, 2e is everything a student or practicing professional needs. Organized along the timeline of a real case, it begins with an introduction and history of forensic science, covers the basic methods of analysis used in most forensic examinations, addresses the biological, chemical, and physical elements relevant to the field, and concludes with an examination of how forensic science intersects with the law" --
|c Provided by publisher.
|
| 546 |
|
|
|a English.
|
| 650 |
|
0 |
|a Forensic sciences.
|
| 650 |
|
0 |
|a Criminal investigation.
|
| 650 |
|
2 |
|a Forensic Sciences
|
| 650 |
|
6 |
|a Criminalistique.
|
| 650 |
|
6 |
|a Enquêtes criminelles.
|
| 650 |
|
7 |
|a forensic science.
|2 aat
|
| 650 |
|
7 |
|a Criminal investigation
|2 fast
|
| 650 |
|
7 |
|a Forensic sciences
|2 fast
|
| 650 |
|
7 |
|a Social Welfare & Social Work.
|2 hilcc
|
| 650 |
|
7 |
|a Social Sciences.
|2 hilcc
|
| 650 |
|
7 |
|a Criminology, Penology & Juvenile Delinquency.
|2 hilcc
|
| 650 |
|
7 |
|a Crime.
|2 ukslc
|
| 655 |
|
7 |
|a Electronic books.
|2 local
|
| 700 |
1 |
|
|a Siegel, Jay A.,
|e author
|1 https://id.oclc.org/worldcat/entity/E39PCjKvXJPw9Wd6r977jDHCjP
|
| 710 |
2 |
|
|a ScienceDirect (Online service)
|
| 758 |
|
|
|i has work:
|a Fundamentals of forensic science (Text)
|1 https://id.oclc.org/worldcat/entity/E39PCGMtc3qFcJ8xMwdjv4rqFC
|4 https://id.oclc.org/worldcat/ontology/hasWork
|
| 776 |
0 |
8 |
|i Print version:
|z 9786612954498
|
| 856 |
4 |
0 |
|u http://proxy.library.tamu.edu/login?url=https://www.sciencedirect.com/science/book/9780123749895
|z Connect to the full text of this electronic book
|t 0
|
| 955 |
|
|
|a Elsevier ScienceDirect 2026-2027
|
| 994 |
|
|
|a 92
|b TXA
|
| 999 |
f |
f |
|i dea31b5e-faa4-45c9-88a8-635a7fa9bd39
|s ecd82f81-846f-4d3e-add8-74fa3aba0a46
|t 0
|
| 952 |
f |
f |
|a Texas A&M University
|b College Station
|c Electronic Resources
|s www_evans
|d Available Online
|t 0
|e HV8073 .H77 2010
|h Library of Congress classification
|
| 998 |
f |
f |
|a HV8073 .H77 2010
|t 0
|l Available Online
|